[Event "POL-chT 2nd League-3 2020"]
[Site "Poronin"]
[Date "2020.09.11"]
[Round "7.15"]
[White "Garbowski, Jakub"]
[Black "Gola, Karol"]
[Result "1-0"]
[WhiteElo "2139"]
[BlackElo "2192"]
[Annotator "TA"]
[PlyCount "103"]
[EventDate "2020.09.05"]
[EventType "team-tourn"]
[EventCountry "POL"]
[SourceTitle "playchess.com"]
[Source "ChessBase"]
[SourceQuality "1"]
[WhiteTeam "MCKIS Jaworzno"]
[BlackTeam "KS AZS Politechniki Sl. Gliwice"]

{[%evp 20,103,46,50,53,35,62,42,142,57,181,174,170,170,167,169,178,69,63,80,79,71,69,56,42,52,55,62,56,64,74,36,43,43,70,64,93,93,100,66,66,68,87,66,68,65,77,65,115,81,109,109,103,110,95,13,7,0,109,109,109,95,120,109,152,167,189,189,324,296,668,658,2206,2457,6186,6186,6179,6179,6170,6179,6175,6179,6079,5318,5281,530]} 1. e4 c5 2. Nf3 e6 3. d4 cxd4 4. Nxd4 a6 5. Bd3 Nf6 6. O-O Qc7 7. Qe2 d6 8. f4 Nbd7 9. Kh1 Be7 10. c4 O-O 11. Nc3 Re8 {is the legacy move (11...b6). B42: Sicilian: Kan Variation: 5 Bd3.} 12. Nf3 Nf8 {[#]} 13. Ng5 $146 ({Predecessor:} 13. e5 N6d7 14. Bd2 b6 15. Be4 Rb8 16. Rae1 Nc5 17. Bc2 Bb7 18. Ng5 Rbd8 19. b4 {½-½ (94) Savanovic,A (2450)-Buljubasic,S (2277) Jahorina 2018}) 13... Ng6 {[#]} (13... e5 $14) 14. Bd2 (14. e5 $1 $16 {[%cal Re5f6][%mdl 512]} Nd7 (14... dxe5 15. fxe5) 15. Nce4) 14... b6 {[#]} (14... Rf8 $14) 15. e5 $1 $18 {[%cal Re5f6][%mdl 512]} Nd7 {[%cal Rd6e5]} (15... dxe5 16. fxe5) 16. f5 $1 {[%mdl 64] Overworked Piece} exf5 17. Nd5 (17. Rxf5 Ndxe5 18. Nd5 Qd8 $17) 17... Qd8 18. Nxf7 ({Better is} 18. exd6 $1 $18 Bxg5 19. Bxg5) 18... Kxf7 $14 19. e6+ {[%mdl 64] Double Attack} ({Reject} 19. Bxf5 Kg8 $11) 19... Kg8 {aiming for ...Nde5.} 20. exd7 Bxd7 21. Bxf5 Bg5 22. Qd1 Bxf5 23. Rxf5 Bxd2 24. Qxd2 Re5 25. Raf1 Rxf5 26. Rxf5 Rc8 27. h3 Ne7 28. Rf1 Kh8 29. Re1 Nxd5 30. Qxd5 {[%mdl 4096] Endgame KQR-KQR} Qc7 31. Re6 Rd8 32. Qe4 {White wants to mate with Re8+.} Qf7 33. Re7 Qf1+ 34. Kh2 {Hoping for Re8+.} h6 35. Qd4 $40 {[%csl Ge7][%cal Rd4g7][%mdl 128] White is out for blood.} Qf8 36. Rb7 Rb8 {[#]} 37. Rd7 ({Don't play} 37. Rxb6 $6 Rxb6 38. Qxb6 Qf4+ 39. Kh1 Qf1+ 40. Kh2 Qxc4 $11) ({White should try} 37. Ra7 $1 $16) 37... Rd8 $11 38. Rb7 ({White should play} 38. Rxd8 $11 Qxd8 39. b4) 38... Rb8 $16 {[#]} 39. Ra7 $1 ({Much worse is} 39. Rxb6 $6 Rxb6 40. Qxb6 Qf4+ 41. Kg1 Qc1+ 42. Kh2 Qxc4 $11) 39... a5 40. b3 Re8 41. Rd7 Rd8 42. Rc7 d5 {White must now prevent ...Qd6+.} 43. Rc6 Rd6 (43... Kg8 {is a better defense.} 44. cxd5 Qf5) 44. cxd5 $18 Qd8 $2 (44... Qe7 45. Rc8+ Kh7 46. Qd3+ g6) 45. Qe5 {White is clearly winning.} Rxc6 46. dxc6 {KQ-KQ} Kg8 47. c7 Qd7 48. Qc3 Qc8 49. Qc6 Kf7 50. Qxb6 Ke7 51. Qxa5 Kd6 52. Qb6+ {Accuracy: White = 77%, Black = 46%.} 1-0

[Event "POL-chT 2nd League-3 2020"]
[Site "Poronin"]
[Date "2020.09.11"]
[Round "7.16"]
[White "Flasinski, Michal"]
[Black "Stachanczyk, Jacek"]
[Result "1/2-1/2"]
[WhiteElo "2205"]
[BlackElo "2156"]
[Annotator "TA"]
[PlyCount "49"]
[EventDate "2020.09.05"]
[EventType "team-tourn"]
[EventCountry "POL"]
[SourceTitle "playchess.com"]
[Source "ChessBase"]
[SourceQuality "1"]
[WhiteTeam "KS AZS Politechniki Sl. Gliwice"]
[BlackTeam "MCKIS Jaworzno"]

{[%evp 11,49,15,4,0,4,7,16,13,13,0,0,0,-14,-18,-23,-50,-1,5,27,19,39,0,26,22,43,8,33,32,29,19,20,0,0,0,54,54,50,42,36,14]} 1. d4 d5 2. c4 c6 3. Nf3 Nf6 4. e3 Bg4 5. Qb3 Qb6 6. Nc3 e6 7. Nh4 {D11: Slav Defence: 3 Nf3 sidelines and 3...Nf6 4 e3 Bg4.} Be7 8. h3 {[#] Hoping for Qxb6.} Bh5 9. g4 {The position is equal.} Bg6 10. Nxg6 hxg6 11. g5 Ne4 12. Nxe4 dxe4 13. Bg2 Bxg5 14. Bxe4 {[#]} Qc7 $146 ({Predecessor:} 14... Nd7 15. Bd2 Bh4 16. Bc3 O-O-O 17. Qc2 Kb8 18. a4 Qc7 19. a5 a6 20. O-O-O Bf6 {1-0 (31) Ravi,T (2338)-Madhurima,S (2012) New Delhi 2015}) 15. Bd2 Bh4 16. Qa3 Nd7 17. Ba5 Qb8 18. Bb4 Nb6 19. Rc1 Qd8 20. Ke2 Be7 21. f4 Nc8 22. d5 exd5 (22... Bxb4 $11 23. Qxb4 Qe7 24. Qxe7+ Nxe7) 23. cxd5 $14 {White is slightly better.} cxd5 24. Rhd1 $1 {[%cal Rd1d5]} Nb6 25. Bxe7 {Accuracy: White = 84%, Black = 86%.} 1/2-1/2

[Event "POL-chT 2nd League-3 2020"]
[Site "Poronin"]
[Date "2020.09.11"]
[Round "7.17"]
[White "Rosicki, Marcin"]
[Black "Szolc, Grzegorz"]
[Result "0-1"]
[WhiteElo "2039"]
[BlackElo "2036"]
[Annotator "TA"]
[PlyCount "117"]
[EventDate "2020.09.05"]
[EventType "team-tourn"]
[EventCountry "POL"]
[SourceTitle "playchess.com"]
[Source "ChessBase"]
[SourceQuality "1"]
[WhiteTeam "MCKIS Jaworzno"]
[BlackTeam "KS AZS Politechniki Sl. Gliwice"]

{[%evp 17,117,62,62,67,53,50,43,27,40,35,39,31,42,39,50,0,1,0,0,-22,55,54,27,-40,-28,-55,17,17,19,19,18,36,90,0,0,0,7,0,0,-74,0,0,0,-1,-17,-41,0,-57,-39,-49,67,0,0,0,0,-76,-59,-135,-124,-233,0,-195,-39,-194,27,0,33,23,34,12,72,29,64,5,41,23,62,0,0,0,0,0,0,0,0,0,0,0,57,65,102,5,18,-642,-638,-634,-612,-770,-768,-754,-669,-821]} 1. e4 g6 2. d4 Bg7 3. Nc3 c6 4. f4 d5 5. e5 Nh6 6. Nf3 Bg4 7. Be3 f6 8. h3 Bxf3 9. Qxf3 O-O {Black wants to play ...fxe5.} 10. exf6 {B15: Caro-Kann: 3 Nc3: 3...g6 and 3...dxe4 4 Nxe4 Nf6 5 Nxf6+ exf6.} exf6 11. g4 f5 12. g5 {White is slightly better.} Nf7 13. O-O-O Re8 14. h4 Nd7 15. h5 Nf8 16. hxg6 hxg6 {[#]} 17. Kb1 $146 ({Predecessor:} 17. Bd3 Nd6 18. Qf2 b5 19. Rh3 Qa5 20. Kb1 Rab8 21. Bc1 Nc4 22. Ne2 b4 23. Bxc4 dxc4 {0-1 (33) Kalaitzoglou,P (2198)-Kotronias,V (2574) Kallithea 2008}) 17... b5 18. Ne2 Nd6 (18... Qe7 $11 19. Bf2 a5) 19. Nc1 $1 $14 Qe7 20. Rh3 (20. Bg1 $11) 20... Nc4 $15 21. Bf2 a5 (21... Ne6 $15) 22. Nd3 $11 a4 23. Ne5 Nxe5 24. dxe5 b4 (24... Ne6 $14) 25. Be2 (25. c4 $16 bxc3 26. Qxc3) 25... Ne6 26. Rh4 Reb8 27. Rd3 Kf7 28. Be1 (28. Rd1 $11) 28... Nc5 (28... b3 $17 29. cxb3 axb3) 29. Rd1 b3 30. Bc3 Ne4 31. Qe3 $1 bxa2+ 32. Kxa2 ({Better is} 32. Ka1 $1 $11) 32... Qe6 {White must now prevent ...d4+.} (32... Rb7 $5 {[%cal Ra8b8]} 33. Be1 Qe6 $11) 33. Ka1 Rb7 (33... c5 $15) 34. Bf3 (34. Bd4 $1 $14) 34... Nxc3 35. Qxc3 Rab8 36. Rb1 (36. Rh7 $11) 36... Rb4 $1 $17 {aiming for ...Bxe5!} 37. Qd2 (37. Qc5 $15) 37... Qe7 $1 ({Don't play} 37... a3 $6 38. b3 $11) 38. Qc3 (38. Rh3 $17 {keeps fighting.}) 38... Qe6 $2 ({Black should try} 38... Rc4 $19 39. Qd3 a3 $1 {[%mdl 512]}) 39. Qe1 $2 {[#]} (39. Qd2 $11) 39... R8b7 $2 (39... a3 $1 $19 {[%cal Ra3b2][%mdl 512]} 40. b3 (40. bxa3 Bxe5+) 40... Rxf4 $1 {[%mdl 576] Decoy} 41. Rxf4 Qxe5+ 42. Ka2 Qxf4 {[%mdl 64] Double Attack}) 40. c3 $2 {[#]} (40. Qd2 $15) 40... R4b6 $2 ({Black should play} 40... Rb3 $1 $19 41. Bd1 Qe7) 41. Rh2 Qe7 (41... d4 $5 42. cxd4 a3 $16) 42. Qe3 Rb5 43. Rd2 Ra5 (43... Bf8 $11 {keeps the balance.}) 44. Qd4 Qc5 45. Bd1 (45. Ka2 $14) 45... Qb5 46. Qe3 Ke6 47. Qd4 (47. Rc1 $14) 47... Bf8 $40 {[%mdl 128] Black attacks.} 48. Be2 Qb3 49. Bd1 $1 Qb5 (49... Bc5 $5 50. Qd3 $8 Rh7 $11) 50. Be2 Qb3 {( -> ...a3)} 51. Bd1 $1 Bc5 52. Qd3 $1 {[%cal Rd3h3]} Qb6 (52... Rh7 $1 $11) 53. Qh3 $14 {Strongly threatening Qh6.} Qd8 54. Qh6 (54. Bc2 $16 {And now Qh6 would win.} Qe8 55. Rbd1) 54... Qg8 $1 $11 {Hoping for ...Rh7.} 55. Rd3 $2 {[%mdl 8192]} (55. Qh4 $11) 55... Rh7 $19 {Black is clearly winning.} 56. Rh3 Rxh6 57. Rxh6 Bf8 58. Rh3 Ra7 59. Rh4 {Accuracy: White = 53%, Black = 61%.} 0-1

[Event "POL-chT 2nd League-3 2020"]
[Site "Poronin"]
[Date "2020.09.11"]
[Round "7.18"]
[White "Mazur, Anna"]
[Black "Guzik, Jolanta"]
[Result "1/2-1/2"]
[WhiteElo "1731"]
[BlackElo "2003"]
[Annotator "TA"]
[PlyCount "175"]
[EventDate "2020.09.05"]
[EventType "team-tourn"]
[EventCountry "POL"]
[SourceTitle "playchess.com"]
[Source "ChessBase"]
[SourceQuality "1"]
[WhiteTeam "KS AZS Politechniki Sl. Gliwice"]
[BlackTeam "MCKIS Jaworzno"]
[BlackTeamCountry "POL"]

{[%evp 21,175,13,14,-24,-12,-22,-10,-26,-24,-31,-24,-27,-28,-28,-31,-40,-26,-33,-31,-36,-15,-27,-9,-13,-23,-45,-45,-45,-39,-33,-31,-40,-36,-46,-35,-44,-46,-44,19,-34,-38,-75,-75,-75,-62,-75,-75,-93,-95,-131,-106,-207,-205,-209,-201,-377,-342,-370,-311,-315,-279,-269,-273,-466,-457,-404,-279,-270,-265,-335,-328,-309,-325,-347,-350,-385,-391,-434,-408,-469,-463,-450,-437,-400,-298,-390,-350,-350,-281,-293,-268,-232,-171,-187,-187,-187,-187,-195,-187,-652,-187,-187,-187,-229,-202,-187,-187,-447,-180,-180,-180,-180,0,-180,-104,-104,-104,-104,-104,-104,-104,-104,0,-104,0,0,0,0,0,0,0,0,0,0,0,0,0,0,0,0,0,0,0,0,0,0,0,0,0,0,0,0,0,0,0,0]} 1. e4 c5 2. Nf3 Nc6 3. d4 cxd4 4. Nxd4 g6 5. Nc3 Bg7 6. Be3 Nf6 7. Be2 O-O 8. O-O d5 9. exd5 Nxd5 10. Nxd5 Qxd5 11. Bf3 Qa5 12. Nb3 {B34: Sicilian: Accelerated Dragon with 5 Nc3: sidelines.} Qc7 13. c3 Rd8 14. Qe2 Bf5 15. Rfd1 Ne5 16. Nd4 Nxf3+ {[#]} 17. Qxf3 $146 ({Predecessor:} 17. Nxf3 e5 18. Bg5 f6 19. Be3 Be6 20. Rxd8+ Rxd8 21. Rd1 b6 22. Rxd8+ Qxd8 23. b3 {½-½ (71) Panchenko,S-Savitskiy,S (2079) Salekhard 2006}) 17... Bd7 18. Bg5 Re8 19. Qe2 a6 20. Nc2 Bb5 21. Qe3 e5 22. Nb4 f6 23. Nd5 Qf7 24. Bh6 Bxh6 25. Qxh6 Rad8 26. Ne3 $1 Rxd1+ 27. Nxd1 Rd8 28. Ne3 Rd6 29. Qh4 Qd7 ({Better is} 29... Bc6 $15) 30. h3 ({White should play} 30. c4 $1 $11 g5 31. Qh5) 30... Kg7 $36 {[%mdl 2048] Black fights for an advantage.} 31. Qg4 Qxg4 32. hxg4 $17 {[%mdl 4096] Endgame KRB-KRN} Rd2 33. b4 Kh6 34. a4 Bd7 35. Ra3 Kg5 36. Nc4 (36. c4 $17 {keeps fighting.}) 36... Rd1+ $19 37. Kh2 Bxg4 38. Kg3 $2 {[#]} (38. Ra2) 38... Rd3+ 39. Kh2 Be6 40. Na5 b6 41. Nc6 Bd5 42. Nd8 $2 (42. Nb8 {was called for.} a5 43. b5) 42... Bc4 43. Nc6 Rd6 44. Na7 h5 45. Ra1 Rd2 46. Kg1 h4 47. Nc8 b5 48. axb5 axb5 49. Nb6 Rc2 50. Ra3 Be6 51. Ra5 Rxc3 52. Rxb5 Rb3 53. Na8 Rb1+ 54. Kh2 h3 55. gxh3 Bc4 56. Rc5 Rxb4 57. Nb6 Rxb6 58. Rxc4 {KR-KR} f5 59. Kg2 e4 60. Rc3 $2 (60. Rc2) 60... Kf4 $2 (60... Rb2 {White must now prevent ...f4.} 61. Rg3+ Kh5) 61. Ra3 Rd6 62. Rc3 Rd3 63. Rc2 Kg5 64. Rc6 $2 (64. Rc5 {is a better defense.}) 64... Kh5 (64... Rd2 $142 {...f4 is the strong threat.} 65. Kf1 Rd1+ 66. Kg2 Rd8) 65. Rf6 Rf3 66. Rf8 Rd3 67. Rf6 $1 e3 (67... Rd2 $19 68. Re6 Kg5) 68. fxe3 $17 Rxe3 69. Rf8 Kg5 70. Rg8 Ra3 71. Rb8 Re3 72. Rg8 $1 f4 (72... Rc3 $17 73. Rb8 Rd3) 73. Rf8 $11 {The position is equal.} Re2+ 74. Kf3 Re3+ 75. Kg2 $1 Ra3 76. Rf7 Ra2+ (76... f3+ $5 77. Rxf3 Ra8 $11) 77. Kf3 Rh2 78. Rh7 $1 Kf5 {[#] Hoping for ...g5.} 79. Rf7+ Ke5 80. Rh7 g5 {aiming for ...Kf5.} 81. Rh8 Kf5 {Threatens to win with ...Rxh3+!} 82. Rf8+ Kg6 83. Rg8+ Kf6 84. Rh8 Ke5 85. Re8+ Kd4 86. Rd8+ Kc3 87. Rh8 Kd2 88. Rh5 {White happily takes the draw. Accuracy: White = 64%, Black = 79%.} 1/2-1/2

[Event "POL-chT 2nd League-3 2020"]
[Site "Poronin"]
[Date "2020.09.11"]
[Round "7.19"]
[White "Miroslaw, Michal"]
[Black "Niekras, Dawid"]
[Result "1/2-1/2"]
[WhiteElo "2287"]
[BlackElo "2329"]
[Annotator "RC"]
[PlyCount "20"]
[EventDate "2020.09.05"]
[EventType "team-tourn"]
[EventCountry "POL"]
[SourceTitle "playchess.com"]
[Source "ChessBase"]
[SourceQuality "1"]
[WhiteTeam "LKSz Lublin"]
[BlackTeam "ASSz Lipno Steszew"]
[WhiteTeamCountry "POL"]
[TimeControl "40/5400+30:900+30"]

1. e4 {[%emt 0:00:00]} c5 {[%emt 0:00:00]} 2. Nf3 {[%emt 0:00:00]} d6 {[%emt 0:00:00]} 3. d4 {[%emt 0:00:00]} cxd4 {[%emt 0:00:00]} 4. Qxd4 {[%emt 0:00:16]} Nc6 {[%emt 0:00:00]} 5. Bb5 {[%emt 0:00:27]} Bd7 {[%emt 0:00:05]} 6. Bxc6 {[%emt 0:02:20]} Bxc6 {[%emt 0:00:07]} 7. c4 {[%emt 0:00:28]} f5 {[%emt 0:00:12]} 8. Nc3 {[%emt 0:05:28]} e5 {[%emt 0:00:14]} 9. Qe3 {[%emt 0:01:55]} fxe4 {[%emt 0:03:05]} 10. Ng5 {[%emt 0:10:26]} Nf6 {[%emt 0:00:44]} 1/2-1/2

[Event "POL-chT 2nd League-3 2020"]
[Site "Poronin"]
[Date "2020.09.11"]
[Round "7.20"]
[White "Zakrzewski, Marek"]
[Black "Pyda, Zbigniew"]
[Result "1-0"]
[WhiteElo "2267"]
[BlackElo "2293"]
[Annotator "TA"]
[PlyCount "71"]
[EventDate "2020.09.05"]
[EventType "team-tourn"]
[EventCountry "POL"]
[SourceTitle "playchess.com"]
[Source "ChessBase"]
[SourceQuality "1"]
[WhiteTeam "ASSz Lipno Steszew"]
[BlackTeam "LKSz Lublin"]
[BlackTeamCountry "POL"]

{[%evp 23,71,18,52,43,92,91,98,93,93,98,137,132,125,146,167,148,156,87,99,81,329,325,462,468,515,522,679,541,1206,1197,1204,1207,1162,1145,1098,547,760,755,757,743,740,732,704,714,725,699,813,800,788,786]} 1. e4 c5 2. Nf3 Nc6 3. d4 cxd4 4. Nxd4 Nf6 5. Nc3 e5 6. Ndb5 d6 7. Bg5 a6 8. Na3 b5 9. Bxf6 gxf6 10. Nd5 f5 11. g3 Bg7 12. Bg2 O-O 13. exf5 {B33: Sicilian: Pelikan and Sveshnikov Variations.} e4 14. Qh5 {And now f6 would win.} ({But not} 14. Bxe4 Re8 $11) 14... Re8 15. O-O {White is better.} Re5 16. Ne3 {[#]} d5 $146 {[#]} ({Predecessor:} 16... Nd4 17. c3 Nxf5 18. Qe2 Nxe3 19. Qxe3 Bg4 20. Nc2 Qd7 21. Rae1 Rae8 {0-1 (34) Vaishali,R (2411)-Goumas,G (2402) Anogia 2019}) 17. c3 $1 Ne7 {[%cal Re7f5]} 18. Bh3 Rb8 19. Nac2 Rb6 {Black wants to play ...Rh6.} 20. f4 (20. Nd4 $142) 20... exf3 $16 21. Qxf3 ({Not} 21. Rxf3 $2 Rh6 $19) 21... Rh6 $2 {[#] Loses the game.} (21... b4 $16 {was necessary.}) 22. Ng4 $1 $18 {[%csl LRe5,LRh6][%mdl 64] Double Attack} Rxh3 (22... Qb6+ {might work better.} 23. Rf2 Re4) 23. Nxe5 {White is clearly winning.} Qb6+ 24. Nd4 Nxf5 25. Rf2 Nd6 26. Nxf7 Ne4 {[#]} 27. Nh6+ $1 {[%mdl 512]} Kh8 {[#]} (27... Qxh6 28. Qf7+) 28. Qf7 $1 {[%csl Gh6][%cal Rf7g8]} Qd8 29. Nhf5 (29. Nc6 $142 Qf8 30. Qxf8+ Bxf8 31. Rxf8+ {[%mdl 64] Double Attack} Kg7 32. Rxc8 Rxh6 33. Rc7+ Kf8 34. Rf1+ Rf6 35. Rxh7) 29... Bxd4 30. cxd4 {[%csl Gf5][%cal Rf7g7]} Bxf5 31. Rxf5 {Black must now prevent Re5.} Rh6 32. Qxd5 Qxd5 33. Rxd5 Rc6 34. Re1 Nd2 {Black hopes to continue with ...Nf3+.} 35. Re7 {[%cal Rd5d8]} Rc8 36. Rdd7 {Accuracy: White = 83%, Black = 52%.} 1-0

[Event "POL-chT 2nd League-3 2020"]
[Site "Poronin"]
[Date "2020.09.11"]
[Round "7.21"]
[White "Panas, Pawel"]
[Black "Bajerlein, Dawid"]
[Result "1/2-1/2"]
[WhiteElo "2159"]
[BlackElo "2037"]
[Annotator "TA"]
[PlyCount "32"]
[EventDate "2020.09.05"]
[EventType "team-tourn"]
[EventCountry "POL"]
[SourceTitle "playchess.com"]
[Source "ChessBase"]
[SourceQuality "1"]
[WhiteTeam "LKSz Lublin"]
[BlackTeam "ASSz Lipno Steszew"]
[WhiteTeamCountry "POL"]

{[%evp 9,32,-5,15,15,17,20,16,8,8,0,0,-5,6,-5,-4,-22,0,-22,0,0,0,0,11,0,8]} 1. b3 Nf6 2. Bb2 g6 3. Bxf6 exf6 4. c4 Bg7 5. Nc3 O-O {The position is equal.} 6. g3 {A01: Nimzowitsch-Larsen Opening.} d6 7. Bg2 Nd7 {[%cal Bb8d7,Bd7c5,Bc5e4][%mdl 32]} 8. Nh3 f5 9. Rc1 Re8 10. O-O {[#]} Nc5 $146 ({Predecessor:} 10... Nf6 11. d3 c6 12. e3 Bd7 13. Nf4 Qa5 14. Qd2 Qc7 15. b4 g5 16. Nfe2 Re7 {0-1 (36) Averbukh,A (2214)-Noguchi,K (2062) Tokyo 2013}) 11. Qc2 {[#]} Ne4 $1 {[%mdl 512]} 12. Nd1 (12. Nxe4 fxe4) 12... c6 13. e3 Qa5 14. Nc3 Nxc3 15. dxc3 Be6 16. Nf4 Rad8 {Not much happened in this game. Accuracy: White = 100%, Black = 100%.} 1/2-1/2

[Event "POL-chT 2nd League-3 2020"]
[Site "Poronin"]
[Date "2020.09.11"]
[Round "7.22"]
[White "Hemmerling, Jaroslaw"]
[Black "Polkowski, Piotr"]
[Result "0-1"]
[WhiteElo "1938"]
[BlackElo "2141"]
[Annotator "TA"]
[PlyCount "118"]
[EventDate "2020.09.05"]
[EventType "team-tourn"]
[EventCountry "POL"]
[SourceTitle "playchess.com"]
[Source "ChessBase"]
[SourceQuality "1"]
[WhiteTeam "ASSz Lipno Steszew"]
[BlackTeam "LKSz Lublin"]
[BlackTeamCountry "POL"]

{[%evp 9,118,53,76,43,60,59,117,89,100,105,145,83,155,83,91,60,54,66,46,70,55,18,25,22,39,21,64,0,9,0,0,-7,12,12,12,12,26,7,22,25,102,95,102,99,96,100,201,82,189,189,238,124,135,81,197,-20,-23,-95,-89,-219,-162,-259,-68,-110,0,-148,-94,-177,-175,-250,-239,-309,-196,-190,-178,-216,-206,-253,-237,-269,-260,-258,-213,-271,-144,-387,-87,-96,-92,-172,-172,-172,-172,-194,-175,-154,-88,-545,-505,-1919,-1908,-1866,-1875,-1854,-1831,-1806,-166,-1806,-1711,-2306,-1464]} 1. Nf3 Nc6 2. d4 d6 3. e4 Bg4 4. Bb5 a6 5. Bxc6+ bxc6 6. c4 {B00: Queen's Fianchetto Defence, Nimzowitsch Defence.} g6 7. h3 Bd7 (7... Bxf3 $1 $14 8. Qxf3 Bg7) 8. O-O {White is better.} Bg7 9. Nc3 {[#]} e6 $146 ({Predecessor:} 9... Rb8 10. Qe2 e6 11. Be3 Ne7 12. Rab1 O-O 13. c5 a5 14. e5 {½-½ (14) Leks,H (2145)-Stoma,P (2298) Warsaw 2009}) 10. Bg5 (10. e5 $142) 10... Qb8 (10... f6 $142) 11. Qe2 (11. e5 $142) 11... f6 $16 12. Bf4 e5 $1 {[%cal Re5f4]} 13. Be3 exd4 14. Bxd4 c5 15. Be3 (15. e5 $5 {[%cal Re5f6]} Kf8 16. e6 $14 (16. exf6 Nxf6 17. Bxf6 Bxf6 $14)) 15... Ne7 16. Rad1 Be6 17. Nd5 Nc6 18. b3 ({Better is} 18. e5 $14 Nxe5 19. Nxe5 fxe5 20. Qf3) 18... O-O $11 19. Qd2 Rf7 20. Nh4 Ne7 21. f4 Nxd5 22. cxd5 Bd7 23. Nf3 Qe8 24. Rfe1 Re7 ({Don't blunder} 24... Qxe4 $2 25. Bxc5 $1 {[%mdl 512]} Qxe1+ 26. Nxe1 $18 (26. Qxe1 dxc5 27. Qa5 Bb5 $18)) (24... a5 $11) 25. e5 $1 $16 Bf5 26. Bf2 $1 fxe5 27. fxe5 Qf8 (27... h6 $16) 28. Bh4 (28. e6 $18 {is the precise move to win.}) 28... Ree8 (28... Rxe5 $16 {might work better.} 29. Nxe5 Bxe5) 29. e6 $18 Bxh3 30. Rf1 (30. Nh2 $1 $18) 30... Bf5 $16 31. Ng5 (31. Rc1 $142 $1) 31... Qf6 {[#]} (31... Bf6 $16) 32. Nf3 $2 ({White must play} 32. g4 $1 $18 {[%mdl 512]}) 32... Qc3 $11 33. Qe2 (33. Qf4 $11 {keeps the balance.}) 33... Qb4 $17 34. e7 (34. Qe3 $17 {was necessary.}) 34... Qg4 {...Be4 is the strong threat.} 35. Qe1 (35. Rc1 {is a better defense.}) 35... Be4 $2 (35... Rab8 $19 {And now ...Rb4 would win.} 36. Qd2 h6) 36. Rd2 $1 $15 {[#] Black must now prevent Nh2.} Bf5 (36... g5 $1 $17 {[%mdl 512]} 37. Nxg5 Bd4+ 38. Kh2 Bxd5) 37. Nh2 (37. Rd1 $1 $11) 37... Qb4 ({Black should play} 37... Qh5 $1 38. Qf2 (38. g4 $2 Bxg4 39. Rg2 Bd4+ 40. Kh1 Bd7 $19) 38... Be5) 38. Rxf5 (38. g3 $17 {was called for.}) 38... gxf5 $19 39. Nf3 (39. Qe6+ {was worth a try.} Kh8 40. Nf3) 39... Qe4 40. Qg3 Rxe7 41. Bxe7 Qxe7 42. Rd1 Qe3+ 43. Kh1 Re8 44. Re1 Qh6+ 45. Kg1 Re3 46. Qf2 f4 (46... Re4 $19 47. Qg3 Kf8) 47. Qf1 $2 (47. Rxe3 $17 {was the only chance.} fxe3 48. Qg3) 47... a5 $2 (47... Bd4 $1 $19 {and Black stays clearly on top. ( -> ...Rxf3+)} 48. Nxd4 cxd4) 48. Rxe3 $17 fxe3 49. Qb5 (49. Qa6 $17) 49... Qg6 $19 50. Qb8+ Bf8 51. Qxc7 {[#]} Qb1+ $1 52. Kh2 {[#]} e2 $1 {[%cal Re2e1]} 53. Qd7 $2 {[%mdl 8192]} (53. Qxa5 $17 Qc1 54. Qe1 Qh6+ 55. Kg3) 53... Qe4 54. Qe6+ (54. Kh3 $142 e1=Q 55. Nxe1 Qxe1 56. Qf5) 54... Qxe6 55. dxe6 Bh6 56. Kg3 {[#]} Bd2 $1 {[%mdl 512]} 57. Kf2 {[#]} (57. Nxd2 e1=Q+) 57... e1=Q+ $1 {[%mdl 512]} 58. Nxe1 Bxe1+ 59. Kxe1 Kf8 {Accuracy: White = 30%, Black = 54%.} 0-1